Industria Legal

Detalles Bibliográficos
Formato: eBook
Lenguaje:español
Publicado: Bogot:̀ Industria Legal, 2020 -
Materias:
Acceso en línea:Acceso restringido

MARC

LEADER 00000nam a22000007a 4500
005 20210107224422.0
007 cr|||| ||||
008 210107c20209999co br|w s|||| 0|||b1spa d
035 |a 32530 
040 |a vLex 
090 |c 11064  |d 11064 
245 0 0 |a Industria Legal  |h [Recurso electrn̤ico] / 
256 |a Servicio en ln̕ea 
260 |a Bogot:̀  |b Industria Legal,  |c 2020 - 
300 |a 1 recurso electrn̤ico 
310 |a Bimestral 
362 |a Nð 1 (Nov. 2020) - 
506 1 |a Disponible solo en los productos indicados  |d vLex Global  |d vLex Global (Academic Edition, excluding Law Schools)  |d vLex Global (U.S. Academic Edition, Law Schools)  |d vLex Global (U.S. Academic Edition, excluding Law Schools)  |d vLex Global (Academic Edition, Law Schools) 
650 0 4 |a Economa̕ y negocios  |z Colombia 
650 0 4 |a Derecho Mercantil y de la Empresa  |z Colombia 
740 0 |a vLex Revistas (Servicio en ln̕ea) 
856 4 0 |u http://vlex.com/source/industria-legal-32530  |z Acceso restringido 
942 |c REV 
999 0 |a Economy and business 
999 0 |a Commercial and Company Law